000 00876nam a22002897a 4500
003 CHAP
005 20220329134349.0
008 971013s1979 r 00010 d
010 _a19391
011 _a20363
035 _a24451
040 _cCHAP
082 _a443.6
_bD52 1979
245 _aDiccionario Everest Cúspide, francés-español, español-francés
250 _a4 ed.
260 _aMadrid :
_bEverest,
_c1979
300 _a951 p.
590 _aBATCH-UPD
_b10
_c20130110
_lUCH01
_h1941
590 _aBATCH-UPD
_b10
_c20130410
_lUCH01
_h1304
590 _aBATCH-UPD
_b10
_c20130914
_lUCH01
_h1333
590 _aCONVERSION
_b10
_c20130109
_lUCH01
_h1312
650 1 4 _aEspañol
_xDiccionarios
_xFrancés.
_937728
650 1 4 _aFrancés
_xDiccionarios
_xEspañol.
_943001
901 _aBK
942 _cLIBRO
949 _a443.6 D52 1979
_bBC
_cC
_d-56302
_eC
_h57072
_i24451
_si
999 _c19391
_d19391